000 01215cam a2200205 4500
001 L135910
008 061218n2006 000 0 eng u
035 _a(Sirsi) u135910
041 0 _aeng
110 2 _aDepartment for Culture, Media and Sport
_93525
245 0 0 _aCreative Industries economic estimates statistical bulletin
_bSeptember 2006
_h[electronic resource]
260 _aLondon
_bDepartment for Culture, Media and Sport
_c2006
490 0 _aCreative Industries Economic Estimates Statistical Bulletin
_v21 September 2006
520 _aDiscusses the contribution the Creative Industries UK provides to the economy, as well as the value of exports and number of people the Creative Industries employs. Tables show Gross Value Added (GVA) of the Creative Industries, the growth in GVA of Creative Industries, number of businesses in Creative Industries and details of how the constituents of Creative Industries are classified.
590 _aKA
651 4 _aUnited Kingdom
_y
690 _aECONOMIC ISSUES
856 4 0 _uhttps://www.culture.gov.uk/Reference_library/Research/statistics_outputs/creative_industries_eco_est.htm
_zView the item free of charge at http://www.culture.gov.uk...
942 _n0
999 _c106235
_d106235